Danh lục bằng hình ảnh các loài chuồn chuồn Phú Quốc
Sách giới thiệu các loài chuồn chuồn phổ biến ở Phú Quốc thông qua các ảnh chụp, là một nguồn tài liệu tham khảo sơ bộ cho những nghiên cứu chuyên sâu hơn sau này.
Spremljeno u:
| Glavni autor: | |
|---|---|
| Format: | Knjiga |
| Jezik: | Undetermined |
| Izdano: |
Thành phố Hồ Chí Minh
Wildlife At Risk (WAR)
2007
|
| Teme: | |
| Oznake: |
Dodaj oznaku
Bez oznaka, Budi prvi tko označuje ovaj zapis!
|
| Thư viện lưu trữ: | Trung tâm Học liệu Trường Đại học Cần Thơ |
|---|
| LEADER | 00848nam a2200193Ia 4500 | ||
|---|---|---|---|
| 001 | CTU_138637 | ||
| 008 | 210402s9999 xx 000 0 und d | ||
| 082 | |a 595.7 | ||
| 082 | |b M107 | ||
| 100 | |a Bùi, Hữu Mạnh | ||
| 245 | 0 | |a Danh lục bằng hình ảnh các loài chuồn chuồn Phú Quốc | |
| 245 | 0 | |c Bùi Hữu Mạnh | |
| 260 | |a Thành phố Hồ Chí Minh | ||
| 260 | |b Wildlife At Risk (WAR) | ||
| 260 | |c 2007 | ||
| 520 | |a Sách giới thiệu các loài chuồn chuồn phổ biến ở Phú Quốc thông qua các ảnh chụp, là một nguồn tài liệu tham khảo sơ bộ cho những nghiên cứu chuyên sâu hơn sau này. | ||
| 650 | |a Insects,Côn trùng | ||
| 904 | |i Trọng Hải | ||
| 980 | |a Trung tâm Học liệu Trường Đại học Cần Thơ | ||